| 000 | 00681nam a2200193 a 4500 | ||
|---|---|---|---|
| 005 | 20240911063826.0 | ||
| 008 | 991125s1968 mx 000 0 spa u | ||
| 035 | _aUPN01000001518 | ||
| 049 | _aCG | ||
| 050 | 4 |
_aLC155 A44 _bA4.3 |
|
| 245 | 0 | 0 | _aAlfabetización y educación de adultos desde Elsimor a Lima. |
| 260 |
_aMontevideo : _bConsejo Nacional de Enseñanza Primaria y Normal, _c1968. |
||
| 300 | _a171 p. | ||
| 440 | 0 |
_aSerie de PPI. _pDocumental ; _v1 |
|
| 500 | _a"Conclusiones de las principales conferencias celebradas entre 1949 y 1967" | ||
| 650 | 4 |
_aAnalfabetismo _zAmérica Latina _94903 |
|
| 650 | 4 |
_aEducación de adultos _zAmérica Latina _913359 |
|
| 905 | _aLibro | ||
| 999 |
_c1518 _d1518 |
||